| 000 | 00449nam a2200145Ia 4500 | ||
|---|---|---|---|
| 008 | 230917s9999||||xx |||||||||||||| ||und|| | ||
| 040 |
_e172764 _aMAIN |
||
| 041 | _aEnglish | ||
| 082 | _a891.433721 GM181K | ||
| 100 | _aगर्ग, मृदुला | ||
| 245 | 0 | _aकठगुलाब | |
| 260 |
_aनई दिल्ली _bभारतीय ज्ञानपीठ प्रकाशन _c1998 |
||
| 300 | _a246 पृ. p. | ||
| 942 | _cHN | ||
| 999 |
_c102191 _d102191 |
||